[Event "Kragero Resort Chess A 2019"]
[Site "Kragero"]
[Date "2019.02.23"]
[Round "7.29"]
[White "Stray, Gunnar"]
[Black "Mashinskaya, Iulia"]
[Result "1/2-1/2"]
[WhiteElo "1994"]
[BlackElo "2261"]
[Annotator "NA"]
[PlyCount "53"]
[EventDate "2019.02.20"]
[EventType "swiss"]
[EventCountry "NOR"]
[SourceTitle "playchess.com"]
[Source "ChessBase"]
[SourceQuality "1"]
[TimeControl "5400+30"]

1. e4 {[%emt 0:00:00]} c5 {[%emt 0:00:00]} 2. Nf3 {[%emt 0:00:00]} Nc6 {[%emt 0:00:02]} 3. d4 {[%emt 0:00:00]} cxd4 {[%emt 0:00:06]} 4. Nxd4 {[%emt 0:00:00]} Qc7 {[%emt 0:00:14]} 5. Nc3 {[%emt 0:01:03]} e6 {[%emt 0:00:11]} 6. Be2 {[%emt 0:00:27]} a6 {[%emt 0:01:05]} 7. O-O {[%emt 0:00:10]} Nf6 {[%emt 0:00:21]} 8. Be3 {[%emt 0:00:30]} Bb4 {[%emt 0:03:36]} 9. Na4 {[%emt 0:04:56]} Be7 {[%emt 0:06:15]} 10. Nxc6 {[%emt 0:03:13]} bxc6 {[%emt 0:00:15]} 11. Nb6 {[%emt 0:00:20]} Rb8 {[%emt 0:00:13]} 12. Nxc8 {[%emt 0:00:16]} Qxc8 {[%emt 0:01:07]} 13. Bd4 {[%emt 0:01:48]} c5 {[%emt 0:13:47]} 14. Be5 {[%emt 0:06:26]} Rb6 {[%emt 0:06:00]} 15. b3 {[%emt 0:04:27]} Qc6 {[%emt 0:07:12]} 16. Bf3 {[%emt 0:06:24]} d6 {[%emt 0:15:17]} 17. Bxf6 {[%emt 0:06:51]} gxf6 {[%emt 0:00:08]} 18. e5 {[%emt 0:00:23]} Qc7 {[%emt 0:01:10]} 19. exd6 {[%emt 0:01:38]} Bxd6 {[%emt 0:02:55]} 20. h3 {[%emt 0:03:14]} Be5 {[%emt 0:03:32]} 21. Rb1 {[%emt 0:01:51]} Rd6 {[%emt 0:01:47]} 22. Qe2 {[%emt 0:01:23]} Ke7 {[%emt 0:00:35]} 23. Rbd1 {[%emt 0:03:08]} Rhd8 {[%emt 0:00:46]} 24. Rxd6 {[%emt 0:00:19]} Qxd6 {[%emt 0:00:41]} 25. Rd1 {[%emt 0:00:29]} Qxd1+ {[%emt 0:02:55]} 26. Qxd1 {[%emt 0:00:20]} Rxd1+ {[%emt 0:00:04]} 27. Bxd1 {[%emt 0:00:07]} 1/2-1/2

[Event "Kragero Resort Chess A 2019"]
[Site "Kragero"]
[Date "2019.02.23"]
[Round "7.30"]
[White "Bergsson, Stefan"]
[Black "Gudmundsson, Bjorgvin S"]
[Result "1-0"]
[WhiteElo "2172"]
[BlackElo "1941"]
[Annotator "NA"]
[PlyCount "59"]
[EventDate "2019.02.20"]
[EventType "swiss"]
[EventCountry "NOR"]
[SourceTitle "playchess.com"]
[Source "ChessBase"]
[SourceQuality "1"]
[TimeControl "5400+30"]

1. e4 {[%emt 0:02:37]} c6 {[%emt 0:00:00]} 2. Ne2 {[%emt 0:01:40]} d5 {[%emt 0:00:36]} 3. e5 {[%emt 0:00:04]} c5 {[%emt 0:04:51]} 4. c3 {[%emt 0:00:36]} Nc6 {[%emt 0:01:13]} 5. d4 {[%emt 0:00:12]} cxd4 {[%emt 0:01:18]} 6. cxd4 {[%emt 0:00:09]} Bf5 {[%emt 0:03:27]} 7. Nbc3 {[%emt 0:02:06]} e6 {[%emt 0:00:16]} 8. Ng3 {[%emt 0:00:45]} Bg6 {[%emt 0:00:05]} 9. Be3 {[%emt 0:00:52]} Qb6 {[%emt 0:14:39]} 10. Qd2 {[%emt 0:00:33]} Nge7 {[%emt 0:01:51]} 11. Be2 {[%emt 0:00:58]} h5 {[%emt 0:10:49]} 12. h4 {[%emt 0:00:22]} Nf5 {[%emt 0:00:05]} 13. Nxf5 {[%emt 0:00:34]} Bxf5 {[%emt 0:00:04]} 14. O-O {[%emt 0:00:40]} Be7 {[%emt 0:02:15]} 15. g3 {[%emt 0:00:17]} f6 {[%emt 0:16:24]} 16. exf6 {[%emt 0:00:37]} gxf6 {[%emt 0:04:17]} 17. Qd1 {[%emt 0:04:28]} Qxb2 {[%emt 0:07:54]} 18. Bxh5+ {[%emt 0:02:56]} Kd7 {[%emt 0:00:24]} 19. Rc1 {[%emt 0:01:23]} Rag8 {[%emt 0:04:03]} 20. Qf3 {[%emt 0:01:32]} Bd6 {[%emt 0:03:41]} 21. Nxd5 {[%emt 0:02:41]} Rf8 {[%emt 0:08:51]} 22. Bg4 {[%emt 0:01:30]} Bxg4 {[%emt 0:03:30]} 23. Qxg4 {[%emt 0:00:08]} Qxa2 {[%emt 0:01:25]} 24. Nc3 {[%emt 0:02:18]} Qc4 {[%emt 0:01:01]} 25. Qg7+ {[%emt 0:05:35]} Kc8 {[%emt 0:01:27]} 26. Ne4 {[%emt 0:02:41]} Qd5 {[%emt 0:00:45]} 27. Nxf6 {[%emt 0:00:35]} Rxf6 {[%emt 0:01:13]} 28. Qxf6 {[%emt 0:00:35]} Rf8 {[%emt 0:00:13]} 29. Qh6 {[%emt 0:00:25]} Qf5 {[%emt 0:00:35]} 30. d5 {[%emt 0:01:28] Nb8 [%emt 00:00:06]} 1-0

[Event "Kragero Resort Chess A 2019"]
[Site "Kragero"]
[Date "2019.02.23"]
[Round "7.31"]
[White "Saltvedt, Martin"]
[Black "Unneland, Mathias"]
[Result "1-0"]
[WhiteElo "2095"]
[BlackElo "1890"]
[Annotator "NA"]
[PlyCount "89"]
[EventDate "2019.02.20"]
[EventType "swiss"]
[EventCountry "NOR"]
[SourceTitle "playchess.com"]
[Source "ChessBase"]
[SourceQuality "1"]
[TimeControl "5400+30"]

1. d4 {[%emt 0:00:00]} Nf6 {[%emt 0:00:00]} 2. Nf3 {[%emt 0:00:42]} g6 {[%emt 0:00:00]} 3. c4 {[%emt 0:01:01]} Bg7 {[%emt 0:00:00]} 4. e3 {[%emt 0:00:17]} O-O {[%emt 0:01:02]} 5. Nc3 {[%emt 0:00:49]} d6 {[%emt 0:00:07]} 6. Be2 {[%emt 0:02:58]} c6 {[%emt 0:05:13]} 7. O-O {[%emt 0:00:52]} Nfd7 {[%emt 0:02:08]} 8. b3 {[%emt 0:02:14]} e5 {[%emt 0:01:47]} 9. Ba3 {[%emt 0:09:52]} Qa5 {[%emt 0:01:27]} 10. Qc1 {[%emt 0:02:31]} c5 {[%emt 0:01:01]} 11. Nb5 {[%emt 0:06:42]} Qb6 {[%emt 0:03:40]} 12. dxc5 {[%emt 0:05:46]} dxc5 {[%emt 0:04:56]} 13. Bb2 {[%emt 0:00:27]} f5 {[%emt 0:03:10]} 14. Qd2 {[%emt 0:03:25]} e4 {[%emt 0:07:29]} 15. Qd5+ {[%emt 0:03:23]} Kh8 {[%emt 0:00:10]} 16. Bxg7+ {[%emt 0:01:46]} Kxg7 {[%emt 0:00:09]} 17. Ng5 {[%emt 0:02:31]} Rf6 {[%emt 0:04:26]} 18. Rfd1 {[%emt 0:15:55]} h6 {[%emt 0:00:22]} 19. Nh3 {[%emt 0:03:14]} Rf8 {[%emt 0:01:41]} 20. Nf4 {[%emt 0:02:57]} Nf6 {[%emt 0:09:05]} 21. Qe5 {[%emt 0:01:16]} Nbd7 {[%emt 0:01:35]} 22. Qc3 {[%emt 0:07:02]} Kh7 {[%emt 0:01:00]} 23. Rd6 {[%emt 0:00:19]} Qd8 {[%emt 0:00:57]} 24. Ne6 {[%emt 0:00:18]} Qe7 {[%emt 0:00:09]} 25. Nxf8+ {[%emt 0:00:35]} Qxf8 {[%emt 0:00:14]} 26. Rad1 {[%emt 0:00:17]} Qe7 {[%emt 0:00:59]} 27. Nc7 {[%emt 0:03:56]} Rb8 {[%emt 0:00:08]} 28. Re6 {[%emt 0:00:25]} Qf7 {[%emt 0:00:30]} 29. Rdd6 {[%emt 0:00:57]} Ng8 {[%emt 0:01:15]} 30. Rxg6 {[%emt 0:06:42]} Nf8 {[%emt 0:02:37]} 31. Rxg8 {[%emt 0:04:58]} Kxg8 {[%emt 0:01:37]} 32. Rxh6 {[%emt 0:03:08]} Qg7 {[%emt 0:00:39]} 33. Qxg7+ {[%emt 0:00:21]} Kxg7 {[%emt 0:00:10]} 34. Rd6 {[%emt 0:00:16]} Bd7 {[%emt 0:00:17]} 35. f3 {[%emt 0:01:17]} Rc8 {[%emt 0:00:50]} 36. Nd5 {[%emt 0:01:01]} Re8 {[%emt 0:01:03]} 37. Nf6 {[%emt 0:01:59]} Re7 {[%emt 0:00:35]} 38. fxe4 {[%emt 0:00:34]} Bc6 {[%emt 0:00:12]} 39. Kf2 {[%emt 0:03:21]} fxe4 {[%emt 0:00:12]} 40. Nh5+ {[%emt 0:00:47]} Kh7 {[%emt 0:00:19]} 41. Bg4 {[%emt 0:00:27]} Rf7+ {[%emt 0:00:15]} 42. Nf4 {[%emt 0:00:45]} Nd7 {[%emt 0:02:04]} 43. Bh5 {[%emt 0:01:20]} Rf8 {[%emt 0:00:10]} 44. Bg6+ {[%emt 0:00:12]} Kg8 {[%emt 0:00:09]} 45. Bxe4 {[%emt 0:00:29]} 1-0

[Event "Kragero Resort Chess A 2019"]
[Site "Kragero"]
[Date "2019.02.24"]
[Round "8.1"]
[White "Notkevich, Benjamin Arvola"]
[Black "Lie, Kjetil A."]
[Result "1/2-1/2"]
[WhiteElo "2498"]
[BlackElo "2538"]
[Annotator "TA"]
[PlyCount "196"]
[EventDate "2019.02.20"]
[EventType "swiss"]
[EventCountry "NOR"]
[SourceTitle "playchess.com"]
[Source "ChessBase"]
[SourceQuality "1"]

{[%evp 25,195,0,39,25,35,0,12,-19,-21,-21,-9,-14,-26,-13,-13,-13,-13,-13,-25,0,31,47,41,7,22,22,33,22,31,34,22,22,33,25,76,77,74,81,89,-7,-6,-7,-8,0,0,-8,-7,0,-3,-20,-19,-24,-20,-15,-15,-8,-8,-8,-8,-18,-14,-65,-75,-60,-78,-77,-57,-53,-15,-15,0,0,0,-17,0,-68,-58,-66,0,0,0,0,0,0,0,-16,-8,-8,0,0,0,0,0,-16,0,0,0,0,8,8,8,8,8,-40,-40,-40,-40,-40,-40,-40,-40,-40,-40,-40,-40,-40,-40,-40,-40,-40,-40,-40,-40,-40,-40,-40,-40,-40,-40,-40,-40,-40,-40,-40,-40,-40,-40,-40,-40,-40,-16,-24,-15,-40,-40,-40,-40,-40,-40,-40,-40,-40,-40,-40,-40,-40,0,0,0,0,0,0,0,0,0,0,0,0,0,0,0,0]} 1. e4 c5 2. Nf3 e6 3. d4 cxd4 4. Nxd4 Nc6 5. Nb5 d6 6. c4 Nf6 7. N1c3 a6 8. Na3 Be7 9. Be2 O-O 10. O-O b6 11. Be3 Bb7 12. f3 Ne5 13. Rc1 Rc8 14. Na4 {B44: Sicilian: Taimanov: 5 Nb5} Ned7 15. Qb3 {[%cal Ra4b6] [#]} Rb8 $146 ({Predecessor:} 15... Bc6 16. Rfd1 Qc7 17. Nb5 Qb8 18. Nd4 Ba8 19. Nc3 Rfe8 20. Kh1 Bd8 21. Bg1 Bc7 {0-1 (50) Ninov,N (2512)-Balogh,C (2628) Pamplona 2010}) 16. Rfd1 Nc5 17. Qc2 {[#]} Nfxe4 $1 {[%mdl 512]} 18. fxe4 Bxe4 19. Rd3 Nxa4 20. Qxa4 Bxd3 21. Bxd3 Bg5 22. Nc2 Qf6 23. Bd4 {[%mdl 1024] White has compensation.} Qh6 24. Re1 Bf6 25. Be3 Qh5 26. Nd4 {With the idea Nc6.} b5 27. cxb5 axb5 28. Qb3 Rfc8 29. Nxb5 Be5 (29... Qe5 $1 $11 {remains equal.}) 30. g3 $16 Qg4 31. Bf2 h5 32. Re4 (32. a4 $16) 32... Rc1+ $11 33. Kg2 $1 $132 {[%mdl 2048] White is not holding back} Qd1 $1 {[%cal Rd1h1]} 34. Qxd1 Rxd1 35. Be2 Rd2 36. a4 Rxb2 37. Bxh5 Rc8 38. Re2 Rcc2 39. Rxc2 Rxc2 40. Kf1 Rc1+ 41. Be1 $1 Ra1 42. a5 $1 d5 43. Kf2 ({White should try} 43. Ke2 $11) 43... Bf6 $15 44. Nd6 g6 45. Bf3 Bd4+ 46. Ke2 Be5 47. Nb7 Ra2+ 48. Kf1 Ra1 49. Ke2 $1 Kf8 50. Bb4+ ({Better is} 50. h4 $11) 50... Ke8 51. Kd2 Rb1 (51... Ra4 $15 52. Nd6+ Bxd6 53. Bxd6 Kd7) 52. Nd6+ $1 $11 Ke7 53. Nc4+ $1 Rxb4 54. Nxe5 Ra4 55. Be2 Ra2+ 56. Ke3 f6 57. Nxg6+ Kf7 58. Nf4 Rxa5 59. h4 Ra3+ 60. Kf2 Ra2 61. Ke3 d4+ 62. Ke4 ({Resist} 62. Kxd4 e5+ 63. Kc5 Kg7 $16) 62... Ra4 63. Bh5+ Ke7 64. Bd1 f5+ 65. Ke5 $1 Ra5+ 66. Kxd4 e5+ {[%mdl 64] Double Attack} 67. Ke3 Ra3+ ({Don't do} 67... exf4+ 68. gxf4 Ra3+ 69. Kf2 $17) 68. Nd3 e4 69. Be2 Kf6 70. Kd4 Ra4+ 71. Ke3 $1 exd3 72. Bxd3 $15 {[%mdl 4096] Endgame KR-KB} Ke5 73. Be2 Ra3+ 74. Bd3 Rc3 {...Rb3 is the strong threat.} 75. Ke2 Rb3 76. Ke3 Ra3 77. Ke2 Ra5 78. Ke3 Rc5 79. Be2 Rc8 80. Bd3 Rg8 81. Kf3 Rg4 82. Be2 Kd4 {White should prevent ...Ke5.} 83. Ba6 Re4 {And now ...Ke5 would win.} 84. Bb5 Ke5 85. Bd3 Re1 {Hoping for ...Rc1.} 86. Kf2 Ra1 {aiming for ...f4.} 87. Ke3 Kf6 {Strongly threatening ...Ra3.} 88. Kf3 Ra3 89. Ke3 Kg7 {Threatens to win with ...Kh6.} 90. Kd4 Kg6 {White must now prevent ...Kh6.} 91. g4 $1 {[#]The position is equal.} Rxd3+ $1 {[%mdl 512]} 92. Kxd3 {Threatening mate with g5.} fxg4 $11 {KP-KP} 93. Ke3 Kh5 94. Kf2 $1 Kxh4 95. Kg2 g3 96. Kg1 $1 Kh3 {( -> ...g2)} 97. Kh1 $1 g2+ 98. Kg1 Kg3 {Accuracy: White = 66%, Black = 70%.} 1/2-1/2

[Event "Kragero Resort Chess A 2019"]
[Site "Kragero"]
[Date "2019.02.24"]
[Round "8.2"]
[White "Tryggestad, Andreas Garberg"]
[Black "Hammer, Jon Ludvig"]
[Result "1/2-1/2"]
[WhiteElo "2351"]
[BlackElo "2652"]
[Annotator "TA"]
[PlyCount "61"]
[EventDate "2019.02.20"]
[EventType "swiss"]
[EventCountry "NOR"]
[SourceTitle "playchess.com"]
[Source "ChessBase"]
[SourceQuality "1"]

{[%evp 21,61,-8,-14,-41,-28,-33,-25,-33,-20,-42,-50,-58,0,-16,-22,-26,29,-44,0,0,10,-39,49,49,39,45,49,40,73,69,83,54,54,61,61,61,61,54,55,47,65,0]} 1. e4 e5 2. Nf3 Nc6 3. Bb5 a6 4. Bxc6 dxc6 5. O-O Qf6 6. d4 exd4 7. Bg5 Qd6 8. Qxd4 Qxd4 9. Nxd4 Bd7 10. Nc3 f6 11. Be3 O-O-O 12. Rad1 {C68: Ruy Lopez: Exchange Variation, sidelines} Ne7 (12... Re8 13. Rd2 Ne7 14. Rfd1 Ng6 15. Nde2 Ne5 16. h3 Bb4 17. b3 Be6 18. Ra1 Ba3 19. Rf1 Bb4 20. Ra1 Ba3 21. Rf1 Bb4 22. Ra1 {½-½ (22) Andreikin,D (2715)-Karjakin,S (2785) Moscow 2012}) 13. h3 $146 ({Predecessor:} 13. f3 c5 14. Nde2 Nc6 15. a3 Ne5 16. h3 Bd6 17. Nd5 Bb5 18. Ndc3 Bd7 19. Nd5 Bb5 20. Ndc3 Bd7 21. Nd5 Bb5 22. Ndc3 Bd7 {½-½ (22) Shyam,N (2451)-Bhakti,K (2281) Mumbai 2017}) 13... h5 14. f4 {Black has an edge.} Ng6 15. Rd3 Bd6 16. Nb3 Kb8 (16... Be6 $15 17. f5 Bxb3 18. axb3 Ne5) 17. Rfd1 Bc8 18. Kf2 Rhe8 ({Black should try} 18... h4) 19. Kf3 ({White should play} 19. Na5 $1 $11) 19... Nh4+ (19... Rg8 $15) 20. Kf2 $11 Ng6 $1 21. Kf3 f5 (21... Rg8 $15) 22. e5 $14 Be7 23. Rxd8 Rxd8 24. Bc5 Rh8 25. Bxe7 Nxe7 26. Ke3 b6 {White is slightly better.} 27. Nd4 c5 28. Nf3 Bb7 29. Kf2 Kc8 30. Ng5 Bc6 31. Ne6 {Accuracy: White = 41%, Black = 52%.} (31. Ne2 $14) 1/2-1/2

[Event "Kragero Resort Chess A 2019"]
[Site "Kragero"]
[Date "2019.02.24"]
[Round "8.3"]
[White "Beerdsen, Thomas"]
[Black "Malakhatko, Vadim"]
[Result "1-0"]
[WhiteElo "2454"]
[BlackElo "2525"]
[Annotator "TA"]
[PlyCount "61"]
[EventDate "2019.02.20"]
[EventType "swiss"]
[EventCountry "NOR"]
[SourceTitle "playchess.com"]
[Source "ChessBase"]
[SourceQuality "1"]

{[%evp 9,61,43,50,48,40,35,66,52,56,51,56,24,18,12,29,20,19,13,107,104,118,88,101,31,110,114,164,153,296,234,213,53,104,0,0,0,0,-29,0,0,-1,-75,-36,-35,508,491,3391,2527,29975,29977,5831,1622,1417,1314]} 1. e4 g6 2. d4 Bg7 3. Nc3 d6 4. Bg5 Nd7 5. Qd2 c5 6. Nf3 {B06: Modern Defence} (6. Nge2 a6 7. O-O-O b5 8. h4 Bb7 9. h5 cxd4 10. Nxd4 Ngf6 11. h6 Bf8 12. f3 e5 13. Nb3 Be7 {1-0 (37) Mamedov,N (2610)-Abbasov,F (2553) Baku 2010}) 6... cxd4 7. Nxd4 h6 8. Be3 {White is slightly better.} Ngf6 9. f3 a6 10. O-O-O b5 $146 ({Predecessor:} 10... Qc7 11. h4 h5 12. Kb1 b5 13. Nb3 Ne5 {1-0 (34) Aberbach Peltzman,A (2156)-Lanin,B (2030) Chessfriend.com 2005}) 11. Kb1 Bb7 12. g4 $36 {[%mdl 2048] Black is under pressure.} Rc8 13. h4 h5 (13... Ne5 $1 $11) 14. g5 $16 Nh7 15. f4 Nc5 16. Bg2 ({Better is} 16. Bh3 $16) 16... O-O (16... b4 $1 $14 17. Nd5 e6) 17. f5 b4 18. Nd5 a5 (18... Re8 $16) 19. Rhf1 Be5 {[#]} 20. Bf4 $2 (20. fxg6 $1 $18 fxg6 21. Nf3) 20... e6 $1 $14 {[%cal Re6d5] [#]} 21. Bxe5 (21. Ne3 $1 $16) 21... dxe5 $11 22. fxg6 fxg6 23. Rxf8+ (23. Nxe6 $5 Nxe6 24. Bh3 $11) 23... Qxf8 24. Rf1 Qd8 {[%mdl 64] Pin} 25. Nf6+ (25. Nxe6 $1 $11 {keeps the balance.} Nxe6 26. Bh3) 25... Nxf6 26. gxf6 exd4 $4 {[%mdl 8192]} ({Don't blunder} 26... Qxd4 $2 27. Qh6 $18) (26... Kh7 $1 $15 {stays ahead.} 27. f7 Qd6 {[%mdl 64] Pin}) 27. Qh6 $18 {[%csl Gf6][%cal Rh6g7]} Rc7 (27... Qc7 $142) 28. Qxg6+ Kh8 29. f7 {[%cal Rg6h6]} Qf8 30. Qxh5+ (30. Rf6 $142 Rxf7 31. Rxf7 Qxf7 32. Qxf7 Bxe4 33. Qxh5+ Kg7 34. Qxc5) 30... Kg7 31. Qe5+ {[%mdl 64] Double Attack. Accuracy: White = 43%, Black = 38%.} 1-0

[Event "Kragero Resort Chess A 2019"]
[Site "Kragero"]
[Date "2019.02.24"]
[Round "8.4"]
[White "Urkedal, Frode Olav Olsen"]
[Black "Kjartansson, Gudmundur"]
[Result "0-1"]
[WhiteElo "2522"]
[BlackElo "2403"]
[Annotator "TA"]
[PlyCount "110"]
[EventDate "2019.02.20"]
[EventType "swiss"]
[EventCountry "NOR"]
[SourceTitle "playchess.com"]
[Source "ChessBase"]
[SourceQuality "1"]

{[%evp 14,110,18,15,15,16,9,21,13,20,46,46,41,42,42,41,46,44,41,40,35,39,40,45,44,38,39,39,39,31,52,45,70,69,69,69,69,69,83,28,28,29,36,20,20,0,0,0,0,0,0,0,0,0,0,0,0,-8,0,-8,-8,-8,-12,-90,0,0,0,0,0,0,0,-8,-8,-56,-70,-80,-83,-2308,-1831,-5177,-4627,-4631,-4627,-5824,-5824,-5691,-4529,-1768,-1713,-5824,-5824,-5824,-5824,-5824,-5824,-3770,-2712,-5824,-5811]} 1. d4 Nf6 2. c4 e6 3. Nf3 d5 4. Nc3 c5 5. cxd5 Nxd5 6. g3 cxd4 7. Nxd5 Qxd5 8. Qxd4 Qxd4 {D41: Queen's Gambit Declined: Semi-Tarrasch with 5 cxd5} (8... Qb5 9. a3 Nc6 10. Qc3 a5 11. e4 Qc5 12. Bd2 Qxc3 13. Bxc3 f6 14. e5 Bc5 15. Bc4 Ke7 16. O-O {1-0 (45) Ivanchuk,V (2729)-Wei,Y (2739) Medias 2017}) 9. Nxd4 Bb4+ 10. Bd2 Bxd2+ {The position is equal.} 11. Kxd2 Bd7 12. Bg2 Nc6 13. Nxc6 Bxc6 14. Bxc6+ bxc6 $14 {[%mdl 4096] Endgame KRR-KRR} 15. Rac1 O-O-O+ 16. Ke3 Kc7 $146 17. Rc4 a5 18. Rhc1 Rd6 19. b3 Rb8 20. Rg4 g6 21. Rf4 f5 22. Rh4 h5 23. Rhc4 Rb5 24. Kf4 $1 e5+ 25. Kg5 $1 e4 26. Kf4 ({White should play} 26. e3 $16) 26... Kb6 27. h4 Rbd5 28. R1c2 c5 29. f3 exf3 30. exf3 Re6 31. R2c3 Re2 32. a3 Kb5 33. Re3 Rxe3 34. Kxe3 $11 {KR-KR} Rd6 35. Rc3 Ra6 36. Kf4 a4 37. bxa4+ Rxa4+ 38. Ke5 $1 {[#]} Rd4 (38... Ra8 $1 $17 39. Rd3 Rc8) 39. f4 Rd2 {...c4 is the strong threat.} 40. Rb3+ Kc6 41. a4 c4 42. Rb4 Rd5+ 43. Kf6 c3 {Threatens to win with ...c2.} 44. Rb1 $1 {[#]} Rd6+ $1 45. Kg5 $2 {[%mdl 8192]} (45. Ke5 $17) 45... Kc5 $19 {Black is clearly winning.} 46. a5 Ra6 47. Rc1 Kc4 48. Kh6 Kd3 49. Rd1+ Ke2 50. Rd8 Rc6 51. a6 Rxa6 52. Rc8 Kd3 53. Rd8+ Kc4 54. Rc8+ Kb4 55. Kg5 Rb6 {Accuracy: White = 49%, Black = 83%.} 0-1

[Event "Kragero Resort Chess A 2019"]
[Site "Kragero"]
[Date "2019.02.24"]
[Round "8.5"]
[White "Holm, Kristian Stuvik"]
[Black "Vrolijk, Liam"]
[Result "1/2-1/2"]
[WhiteElo "2456"]
[BlackElo "2470"]
[Annotator "TA"]
[PlyCount "45"]
[EventDate "2019.02.20"]
[EventType "swiss"]
[EventCountry "NOR"]
[SourceTitle "playchess.com"]
[Source "ChessBase"]
[SourceQuality "1"]

{[%evp 13,45,0,0,0,0,0,0,0,0,0,0,0,0,0,0,0,0,0,0,0,0,0,0,0,0,0,0,0,0,0,0,0,0,0]} 1. d4 Nf6 2. c4 e6 3. Nc3 Bb4 4. Qc2 O-O 5. e4 d5 6. e5 Ne4 7. Bd3 c5 {The position is equal.} 8. Nf3 {E32: Nimzo-Indian: Classical (4 Qc2): 4...0-0} cxd4 9. Nxd4 Nd7 10. Bf4 Qh4 11. g3 Qh5 12. O-O (12. h4 Nxe5 13. Be2 Ng4 14. Bxg4 Qxg4 15. f3 Qh5 {1-0 (36) Vallejo Pons,F (2707)-So,W (2780) Leon 2018}) 12... g5 13. cxd5 Bxc3 14. bxc3 exd5 15. Bxe4 dxe4 16. e6 $146 gxf4 17. exd7 Bxd7 18. Qxe4 {[%mdl 64] [#] Double Attack} fxg3 19. fxg3 b6 20. Nf5 {Black must now prevent Ne7+.} Rae8 21. Ne7+ Kg7 $1 {[#] Threatens to win with ...Qc5+.} 22. Qd4+ f6 23. Qxd7 {Accuracy: White = 94%, Black = 100%.} 1/2-1/2

[Event "Kragero Resort Chess A 2019"]
[Site "Kragero"]
[Date "2019.02.24"]
[Round "8.6"]
[White "Khachatryan, Vahagn"]
[Black "Castellanos Rodriguez, Renier"]
[Result "0-1"]
[WhiteElo "2274"]
[BlackElo "2505"]
[Annotator "TA"]
[PlyCount "60"]
[EventDate "2019.02.20"]
[EventType "swiss"]
[EventCountry "NOR"]
[SourceTitle "playchess.com"]
[Source "ChessBase"]
[SourceQuality "1"]

{[%evp 9,60,0,39,33,37,33,25,33,30,28,29,30,34,31,32,20,29,0,31,0,8,7,10,23,29,17,11,23,26,31,29,-13,-15,-35,-46,-41,-14,-14,0,0,0,0,0,-97,-89,-256,-247,-1532,-1400,-29989,-29990,-29991,-29992]} 1. d4 Nf6 2. Nf3 e6 3. e3 b6 4. Bd3 Bb7 5. O-O g6 (5... c5 6. c4 Be7 7. Nc3 O-O 8. d5 exd5 9. cxd5 d6 10. e4 Nbd7 11. h3 Re8 12. Bf4 Bf8 13. Re1 a6 14. a4 Rc8 15. Qd2 c4 16. Bc2 Nc5 17. Rad1 g6 18. e5 dxe5 19. Bxe5 Bd6 20. Qd4 Bxe5 21. Nxe5 Nd3 22. Bxd3 cxd3 23. Rxd3 {1-0 (37) Dominguez Perez,L (2739)-Vachier Lagrave,M (2779) chess.com INT 2018}) 6. c4 {A47: 1 d4 Nf6 2 Nf3 b6: Torre, London and Colle Systems} Bg7 7. Nc3 d5 8. cxd5 {White has an edge.} exd5 9. b4 O-O 10. a4 c6 11. Ba3 Nbd7 12. Rc1 $146 ({Predecessor:} 12. Qc2 Re8 13. Rfe1 {0-1 (42) Meister,P (2399)-Fier,A (2572) Germany 2014}) 12... Re8 13. Qb3 a6 14. Rfe1 Ne4 15. Bxe4 dxe4 16. Nd2 Nf6 $1 17. b5 cxb5 18. axb5 Bd5 19. Qb1 Qd7 20. Nxd5 Nxd5 21. Rc6 axb5 22. Rd6 Qf5 $36 {[%mdl 2048] Hoping for ...Bf8. Black is more active.} 23. Qb3 Red8 24. Rxd8+ Rxd8 25. Qxb5 h5 26. Rc1 {[#]} (26. Qb3 $11) 26... Nxe3 $1 $17 {[%mdl 576] Discovered Attack} 27. Qxb6 $2 (27. Qxf5 $17 Nxf5 28. Nxe4) (27. fxe3 Qxb5) 27... Rxd4 $19 28. Nb3 $2 {[#]} (28. fxe3 Rxd2 29. Rf1) 28... Nd1 $1 {[%mdl 512]} 29. Rc2 e3 {[%mdl 64] Discovered Attack} 30. fxe3 Qxc2 {Accuracy: White = 39%, Black = 84%.} 0-1

[Event "Kragero Resort Chess A 2019"]
[Site "Kragero"]
[Date "2019.02.24"]
[Round "8.7"]
[White "Osmak, Iulija"]
[Black "Hasangatin, Ramil"]
[Result "1-0"]
[WhiteElo "2394"]
[BlackElo "2485"]
[Annotator "TA"]
[PlyCount "115"]
[EventDate "2019.02.20"]
[EventType "swiss"]
[EventCountry "NOR"]
[SourceTitle "playchess.com"]
[Source "ChessBase"]
[SourceQuality "1"]

{[%evp 9,115,0,0,0,0,-10,0,-2,30,0,6,13,31,31,21,28,29,21,41,27,25,-37,-7,-24,-2,-22,227,217,218,208,255,254,263,264,254,247,286,295,292,277,367,358,357,355,412,406,475,474,531,509,587,581,563,476,472,286,554,534,533,521,554,544,523,448,412,0,524,0,470,0,462,455,400,450,450,439,717,680,549,639,633,633,632,607,604,543,506,519,1089,1168,1161,1112,1162,1160,1089,1098,976,1032,1384,1084,29977,29977,29979,29979,29980,29979,29980,29952]} 1. d4 Nf6 2. Bf4 c5 3. e3 Nd5 (3... Qb6 4. Nc3 a6 5. Bc4 cxd4 6. exd4 e6 7. Nge2 d5 8. Bb3 Bd7 9. O-O Be7 10. Qe1 O-O 11. Rd1 Nc6 {1-0 (23) Aronian,L (2767)-Giri,A (2782) chess.com INT 2018}) 4. Bg3 Qb6 5. Nc3 Nxc3 6. bxc3 {A45: Trompowsky Attack} Qa5 7. Qd2 d6 8. Nf3 {The position is equal.} e6 $146 ({Predecessor:} 8... g6 9. Bc4 Bg7 10. O-O Nd7 11. Qd3 {0-1 (60) Pezerovic,E (2422)-Zhigalko,A (2584) Bad Wiessee 2016}) 9. Bd3 Be7 10. O-O Nd7 11. a4 O-O 12. Rfb1 Qc7 13. Qe2 b6 14. e4 Bb7 15. e5 (15. Nd2 $11) 15... Rac8 16. exd6 Bxd6 17. Ng5 h6 $2 {[#]} (17... Nf6 $1 $11 {and Black is okay.}) 18. Nxe6 $1 $18 {[%mdl 576] Double Attack} Qc6 {[%csl Gb7][%cal Rc6g2]} (18... fxe6 19. Qxe6+) 19. f3 $40 {[%mdl 128] Hoping for Be4. White wants a kill.} Rce8 {[#]} 20. Bb5 $1 {[%cal Rb5c6]} Qd5 21. Bxd7 Bxg3 22. Bxe8 Rxe8 23. hxg3 Rxe6 24. Qf2 Qc4 25. Re1 Qxc3 26. dxc5 bxc5 27. Rxe6 fxe6 {[%mdl 4096] Endgame KQR-KQB} 28. Rb1 Bd5 29. Kh2 a5 30. Rb5 c4 31. Qe2 Kh7 32. Rc5 Kg6 $2 (32... Qb4 {keeps fighting.} 33. Qe3 Qxa4) 33. Rc7 Kh7 34. Ra7 Kg6 35. Qf2 Kh7 36. Rc7 Qe5 37. Ra7 Qc3 $1 38. Qe2 Kg6 $1 39. Rc7 Kh7 40. Re7 Qf6 41. Ra7 Qc3 42. f4 Kg6 (42... Qd4 $142) 43. Qg4+ Kh7 44. f5 Qf6 45. Qg6+ Qxg6 46. fxg6+ Kxg6 47. Rxa5 {KR-KB} Kf5 48. Rb5 Ke4 (48... Ke5 $142 49. a5 Kd6) 49. a5 {[%cal Ba4a5,Ba5a6,Ba6a7][%mdl 32]} Kd4 50. a6 Be4 51. a7 Kc3 52. Rc5 Bb7 53. Kg1 g5 54. Kf2 h5 55. Rb5 {White mates.} Be4 56. Rxg5 Kxc2 57. Rxh5 c3 58. Rh8 {Accuracy: White = 69%, Black = 35%.} 1-0